Leader Development in Army Units (Record no. 352257)
[ view plain ]
| 000 -LEADER | |
|---|---|
| fixed length control field | 00642nam a2200133Ia 4500 |
| 008 - FIXED-LENGTH DATA ELEMENTS--GENERAL INFORMATION | |
| fixed length control field | 171212s9999 xx 000 0 und d |
| 020 ## - INTERNATIONAL STANDARD BOOK NUMBER | |
| International Standard Book Number | 9780833042002 |
| 100 ## - MAIN ENTRY--PERSONAL NAME | |
| Personal name | Schirmer, Peter;Crowley, James C.;Blacker, Nancy E.;Brennan, Richard R. Jr.;Leonard, Henry A. |
| 245 ## - TITLE STATEMENT | |
| Statement of responsibility, etc | Schirmer, Peter;Crowley, James C.;Blacker, Nancy E.;Brennan, Richard R. Jr.;Leonard, Henry A. |
| Title | Leader Development in Army Units |
| Remainder of title | Views from the Field |
| 260 ## - PUBLICATION, DISTRIBUTION, ETC. (IMPRINT) | |
| Name of publisher, distributor, etc | RAND Corporation |
| Date of publication, distribution, etc | 2008 |
| 650 ## - SUBJECT ADDED ENTRY--TOPICAL TERM | |
| Topical term or geographic name as entry element | History |
| 650 ## - SUBJECT ADDED ENTRY--TOPICAL TERM | |
| Topical term or geographic name as entry element | United States. Army -- Officers -- Training of; Command of troops; Leadership -- United States |
| 856 ## - ELECTRONIC LOCATION AND ACCESS | |
| Uniform Resource Identifier | <a href="www.jstor.org/stable/10.7249/mg648a">www.jstor.org/stable/10.7249/mg648a</a> |
| Withdrawn status | Lost status | Damaged status | Home library | Current library | Date acquired | Total Checkouts | Full call number | Date last seen | Price effective from | Koha item type |
|---|---|---|---|---|---|---|---|---|---|---|
| College Library | College Library | 12/12/2017 | UB413.L43 2008 | 12/12/2017 | 12/12/2017 | Curriculum - Based eBooks |